| 000 | 00626nam a2200253Ia 4500 | ||
|---|---|---|---|
| 001 | 8941 | ||
| 003 | 17913 | ||
| 005 | 20250523215301.0 | ||
| 008 | ||||||n9999 ||| || || | ||
| 041 | _aspa | ||
| 082 |
_219 _a616 |
||
| 100 |
_aSuaza Vargas, Maria Cristina _915425 |
||
| 245 | 0 |
_aUso y abuso de drogas en Colombia _bguia bibliografica |
|
| 260 |
_aBogotá : _bGente Nueva, _c1987. |
||
| 300 | _a243p | ||
| 490 |
_aSerie documental : drogas de abuso _v2 |
||
| 562 | _e1 | ||
| 650 |
_aCOLOMBIA _915426 |
||
| 650 | 0 |
_aDrogadicción _95081 |
|
| 942 | _cBKM | ||
| 942 | _cBKM | ||
| 999 |
_c8941 _d8941 |
||
| 526 | _a3899 | ||
| 526 | _a9683 | ||